Conformational analysis / (Record no. 10977)
[ view plain ]
| 000 -LEADER | |
|---|---|
| fixed length control field | 00761nam a2200253 a 4500 |
| 001 - CONTROL NUMBER | |
| control field | 10977 |
| 003 - CONTROL NUMBER IDENTIFIER | |
| rucl marc code | BD-RjUL |
| 005 - DATE AND TIME OF LATEST TRANSACTION | |
| control field | 20211208235040.0 |
| 008 - FIXED-LENGTH DATA ELEMENTS--GENERAL INFORMATION | |
| fixed length control field | 161026s1965 nyua b 001 0 eng d |
| 020 ## - INTERNATIONAL STANDARD BOOK NUMBER | |
| International Standard Book Number | 0470237422 |
| 035 ## - SYSTEM CONTROL NUMBER | |
| System control number | (BD-RjUL)11026 |
| 040 ## - CATALOGING SOURCE | |
| Original cataloging agency | DLC/ICU |
| Transcribing agency | ICU |
| Modifying agency | DLC |
| -- | (BD-RjUL) |
| Language of cataloging | eng |
| 041 ## - LANGUAGE CODE | |
| Language code of text/sound track or separate title | eng |
| 082 00 - DEWEY DECIMAL CLASSIFICATION NUMBER | |
| Classification number | 547.1223 |
| Author mark and year | CON 1965 |
| Edition number | 23 |
| 245 00 - TITLE STATEMENT | |
| Title | Conformational analysis / |
| Statement of responsibility, etc. | Ernest L. Eliel ... [et. al.]. |
| 260 ## - PUBLICATION, DISTRIBUTION, ETC. (IMPRINT) | |
| Place of publication, distribution, etc. | New York : |
| Name of publisher, distributor, etc. | Interscience Publishers , |
| Date of publication, distribution, etc. | c1965 |
| 300 ## - PHYSICAL DESCRIPTION | |
| Pagination | xiii, 524 p. : |
| Illustrations | ill. ; |
| Size | 24 cm. |
| 504 ## - BIBLIOGRAPHY, ETC. NOTE | |
| Bibliography, etc | Includes bibliographies And Index |
| 650 #0 - SUBJECT ADDED ENTRY--TOPICAL TERM | |
| Topical term or geographic name as entry element | Strereochemistry |
| 9 (RLIN) | 33923 |
| Topical term or geographic name as entry element | Conformational analysis. |
| 9 (RLIN) | 213868 |
| 700 ## - ADDED ENTRY--PERSONAL NAME | |
| Personal name | Eliel, Ernest L. |
| 942 ## - ADDED ENTRY ELEMENTS (KOHA) | |
| Source of classification or shelving scheme | Dewey Decimal Classification |
| Koha item type | Books |
| Lost status | Source of classification or shelving scheme | Damaged status | Not for loan | Collection code | Permanent Location | Current Location | Shelving location | Date acquired | Source of acquisition | Cost, normal purchase price | Total Checkouts | Full call number | Date last seen | Copy number | Koha item type |
|---|---|---|---|---|---|---|---|---|---|---|---|---|---|---|---|
| Dewey Decimal Classification | Non-fiction | Central Library, University of Rajshahi | Central Library, University of Rajshahi | 03/12/1975 | Gonather wren & co. | 11.00 | 547.1223 CON 1965 | 25/01/2014 | C-3 | Books | |||||
| Dewey Decimal Classification | Not For Loan | Non-fiction | Central Library, University of Rajshahi | Central Library, University of Rajshahi | Reading Room | 03/12/1975 | Gonather wren & co. | 11.00 | 547.1223 CON 1965 | 16/05/2017 | C-1 | Books | |||
| Dewey Decimal Classification | Non-fiction | Central Library, University of Rajshahi | Central Library, University of Rajshahi | 03/12/1975 | Gonather wren & co. | 11.00 | 547.1223 CON 1965 | 16/05/2017 | C-2 | Books |